Famous Slavs - Picture Quiz - Statistics

General Stats
  • This quiz has been taken 535 times
  • The average score is 8 of 15
Answer Stats
Picture Hint Answer % Correct
(leader) Vladimir Putin
93%
(scientist) Nikola Tesla
92%
(first lady) Melanija Trump
80%
(scientist) Maria Skłodowska-Curie
79%
(athlete) Novak Đoković
62%
(astronimer) Nicolaus Copernicus
61%
(author) Franz Kafka
54%
(monarch) Peter the Great
52%
(athlete) Luka Modrić
49%
(composer) Pyotr Ilyich Tchaikovsky
47%
(director) Roman Polanski
37%
(actress) Mila Jovović
23%
(author) Ivo Andrić
13%
(philosopher) Gottfried Wilhelm Leibniz
8%
(officer) Mikhail Kutuzov
8%
No matching quizzes found
Score Distribution
Percent of People with Each Score
Percentile by Number Answered
Your Score History
You have not taken this quiz